000 00381nam a22001697a 4500
999 _c10647
_d10647
003 OSt
008 210520b ||||| |||| 00| 0 eng d
020 _a9789385923869
100 _aMALIK,SC
245 _aMathematical Analysis
250 _a5th
260 _aNew Delhi
_bNew Age
_c2020
300 _a870
650 _aApplied Sc
700 _aARORA,Savita
942 _2ddc
_cBK
_08